Le Roi Baudouin IV - Statistiques

Statistiques générales
  • Ce quiz a été pris 39 fois
  • Le résultat moyen est 8 sur 16
Statistiques - réponses
Questions Réponses % Correct
Ville dont Baudouin IV fut sacré Roi. Jérusalem
94%
Siècle au cours duquel vécut Baudouin IV. Le XIIe siècle
94%
Maladie dont souffrait Baudouin IV depuis l'enfance et qu'il savait fatale. La lèpre
85%
Sultan d'Égypte et de Syrie qui fut le grand ennemi de Baudouin IV. Salah ad-Din Yusuf ibn Ayyub dit Saladin
68%
Ordre militaire et religieux qui combattit prodigieusement aux côtés de Baudouin IV et dont les membres firent le vœu de "ne jamais reculer devant l'ennemi". Ils perdirent toute crédibilité après les Croisades jusqu'à leur condamnation deux siècles après celui de Baudouin. L'Ordre du Temple - Les Templiers
65%
Âge précoce qu'avait Baudouin IV lorsqu'il fut rappelé à Dieu. Vingt-quatre ans
59%
Croisade à laquelle participa Baudouin IV. La IIe Croisade
50%
Tombeau du Christ et nom de la basilique dans laquelle Baudouin IV fut couronné et fut enterré. Le Saint-Sépulcre
47%
Colline sur laquelle se trouve cette basilique et où repose toujours Baudouin IV, où jadis, le Christ fut crucifié. Le Golgotha
44%
Père de Baudouin IV. Amaury Ier
41%
Victoire militaire décisive de Baudouin IV alors âgé de dix-sept ans contre les troupes du précédent, cinq à six fois supérieures en nombre. La Bataille de Montgisard
41%
Dynastie française à laquelle appartenait Baudouin IV : la maison de Gâtinais-____. Anjou
38%
Ordre religieux qui combattit également aux côtés de Baudouin IV. Plus tard, à la suite de la condamnation de l'ordre précédent, ils héritèrent de leurs biens, ce qui faisait d'eux l'ordre le plus puissant de la chrétienté. L’ordre de Saint-Jean - Les Hospitaliers
38%
Archevêque qui prit en charge l'éducation de Baudouin IV. Guillaume de Tyr
29%
Chevalier croisé d'origine française qui fut prince d'Antioche de 1153 à 1160 ou 1161. Il épaula Baudouin IV au cours de la bataille précédente, notamment. Renaud de Châtillon
29%
Historienne médiéviste française, tante de l'ancien présentateur de l'émission Thalassa, qui décrivait Baudouin IV comme "une figure de légende, dévorée de souffrance et vivant d'héroïsme quotidien". Régine Pernoud
15%
Aucun quiz correspondant
Distribution des résultats
% des personnes avec chaque résultat
Percentile par nombre de réponses
Votre historique - résultats
Vous n’avez pas pris ce quiz